International Business /

Bewaard in:
Bibliografische gegevens
Hoofdauteur: Czinkota, Michael R.
Andere auteurs: Moffett, Michael H., Ronkainen, Ilkka A.
Formaat: Sách giấy
Taal:English
Gepubliceerd in: Orlando, Florida : Harcourt Brace, 1996
Tags: Voeg label toe
Geen labels, Wees de eerste die dit record labelt!
Thư viện lưu trữ: Thư viện Trường Đại học Đà Lạt
LEADER 00687nam a2200265 4500
001 DLU020000836
005 ##1/6/1999
020 # # |a 0-03-012888-9 
041 # # |a eng 
082 # # |a 338.88  |b CZ-M 
100 # # |a Czinkota, Michael R. 
245 # # |a International Business /  |c Michael R. Czinkota, Ilkka A. Ronkainen, Michael H. Moffett 
260 # # |a Orlando, Florida :  |b Harcourt Brace,  |c 1996 
300 # # |a XXX, 866 tr.;  |c 26 cm. 
700 # # |a Moffett, Michael H. 
700 # # |a Ronkainen, Ilkka A. 
992 # # |a 389430 
994 # # |a DLU 
900 # # |a False 
911 # # |a Administrator 
925 # # |a G 
926 # # |a A 
927 # # |a SH 
980 # # |a Thư viện Trường Đại học Đà Lạt